Get the Picture: Superhero by Villain Quiz Stats

 Plays Quiz Updated Nov 20, 2019

Score 0/20 Timer 03:00
0 Plays Today
Question Answer Wrong Answers
Joker Batman
92.6%
Spiderman
0.6%
Superman
1.1%
Captain America
0.5%
Bane Batman
89.1%
Spiderman
1.9%
Superman
2.1%
Captain America
1.7%
Lex Luthor Superman
86.1%
Batman
6.3%
Spiderman
2%
Captain America
0.9%
Green Goblin Spiderman
85.1%
Batman
4.9%
Superman
2%
Captain America
3.2%
Poison Ivy Batman
85%
Spiderman
4.6%
Superman
2.8%
Captain America
2.2%
Venom Spiderman
84.1%
Batman
5.7%
Superman
1.9%
Captain America
3.2%
Red Skull Captain America
80.2%
Batman
3%
Spiderman
6.8%
Superman
4.4%
General Zod Superman
78.3%
Batman
3.6%
Spiderman
3%
Captain America
9.9%
Ra's al Ghul Batman
75%
Spiderman
3.5%
Superman
9%
Captain America
7.5%
Mysterio Spiderman
69.6%
Batman
6.5%
Superman
9.6%
Captain America
8.7%
Vulture Spiderman
69.3%
Batman
8.7%
Superman
5.1%
Captain America
11.2%
Baron Zemo Captain America
68.1%
Batman
6.4%
Spiderman
6.2%
Superman
13%
Arnim Zola Captain America
64.1%
Batman
8.8%
Spiderman
6.9%
Superman
13.9%
Crossbones Captain America
61.6%
Batman
11.2%
Spiderman
11.8%
Superman
9.2%
Brainiac Superman
61.5%
Batman
11.9%
Spiderman
13.2%
Captain America
7.9%
Ultraman Superman
59.9%
Batman
5.9%
Spiderman
9%
Captain America
18.9%
Kraven the Hunter Spiderman
47.5%
Batman
10.7%
Superman
16.4%
Captain America
19.5%
Hugo Strange Batman
44%
Spiderman
14.4%
Superman
12.9%
Captain America
22.6%
Batroc the Leaper Captain America
43.6%
Batman
15.4%
Spiderman
20.4%
Superman
14.4%
Mongul Superman
39.6%
Batman
18.6%
Spiderman
11.4%
Captain America
23.9%

Today's Daily Dose

You're not logged in!

Compare scores with friends on all Sporcle quizzes.
OR
Log In

Sporcle TV

Today on Sporcle TV


Watch our educational content, quiz creation guides, and fun videos on Sporcle TV.

Show Comments

Extras

Top Quizzes Today


Score Distribution

Your Account Isn't Verified!

In order to create a playlist on Sporcle, you need to verify the email address you used during registration. Go to your Sporcle Settings to finish the process.

Report this User

Report this user for behavior that violates our Community Guidelines.

Details: